Guillermo Kahlo (Record no. 1514)

MARC details
000 -CABECERA
campo de control de longitud fija 00779nam a2200229 a 4500
001 - NÚMERO DE CONTROL
campo de control BRCA_1725
005 - FECHA Y HORA DE LA ÚLTIMA TRANSACCIÓN
campo de control 20190320203526.0
008 - DATOS DE LONGITUD FIJA--INFORMACIÓN GENERAL
campo de control de longitud fija 940114s1993 mx-a---##c---#000-0bspa-#
040 ## - FUENTE DE LA CATALOGACIÓN
Centro catalogador/agencia de origen DLC
Centro/agencia transcriptor DLC
041 ## - CÓDIGO DE LENGUA
Código de lengua del texto/banda sonora o título independiente spa
044 ## - CÓDIGO DEL PAÍS DE LA ENTIDAD EDITORA/PRODUCTORA
Código MARC del país mx
050 #4 - SIGNATURA TOPOGRÁFICA DE LA BIBLIOTECA DEL CONGRESO
Número de clasificación TR140.K34
Número de documento/Ítem .G85 1993
245 10 - MENCIÓN DE TÍTULO
Título Guillermo Kahlo
Resto del título fotógrafo, 1872-1941 : vida y obra.
260 ## - PUBLICACIÓN, DISTRIBUCIÓN, ETC.
Lugar de publicación, distribución, etc. México
Nombre del editor, distribuidor, etc. CONACULTA
Fecha de publicación, distribución, etc. 1993
300 ## - DESCRIPCIÓN FÍSICA
Extensión 30 p.
Otras características físicas il.
Dimensiones 16 cm.
500 ## - NOTA GENERAL
Nota general Catálogo de la exposición realizada en el Museo Estudio Diego Rivera, Museo Nacional de Arquitectura y el Museo Franz Mayer, 1993
600 14 - PUNTO DE ACCESO ADICIONAL DE MATERIA--NOMBRE DE PERSONA
Nombre de persona Kahlo, Guillermo
Subdivisión de forma Exposiciones
9 (RLIN) 5349
650 14 - PUNTO DE ACCESO ADICIONAL DE MATERIA--TÉRMINO DE MATERIA
Término de materia o nombre geográfico como elemento de entrada Fotografía
Subdivisión de forma Exposiciones
Subdivisión geográfica México
9 (RLIN) 5395
650 14 - PUNTO DE ACCESO ADICIONAL DE MATERIA--TÉRMINO DE MATERIA
Término de materia o nombre geográfico como elemento de entrada Fotógrafos
Subdivisión de forma Biografía
Subdivisión geográfica México
9 (RLIN) 5396
700 1# - PUNTO DE ACCESO ADICIONAL--NOMBRE DE PERSONA
Nombre de persona Kahlo, Guillermo
9 (RLIN) 5397
942 ## - ELEMENTOS DE PUNTO DE ACCESO ADICIONAL (KOHA)
Fuente del sistema de clasificación o colocación Library of Congress Classification
Tipo de ítem Koha Libros
Holdings
Estado de retiro Estado de pérdida Estado dañado No para préstamo Localización permanente Ubicación/localización actual Fecha de adquisición Total de préstamos Signatura topográfica completa Código de barras Fecha visto por última vez Precio válido a partir de Tipo de ítem Koha
El ejemplar forma parte de la colección y puede ser consultado según las políticas vigentes.       Biblioteca del Museo Franz Mayer (Rogerio Casas-Alatriste) Biblioteca del Museo Franz Mayer (Rogerio Casas-Alatriste) 27/06/2008   TR140.K34 .G85 1993 02362 22/03/2019 22/03/2019 Libros